Smart Solutions in the Context of the Common Agricultural Policy of European Union After 2020

Identifikácia oblastí, v ktorých je možné uplatniť smart riešenia, ktoré by boli cestou k dosiahnutiu cieľov stanovených v novej spoločnej poľnohospodárskej politiky. Oblasti inteligentných riešení v poľnohospodárstve.

Salvato in:
Dettagli Bibliografici
Autore principale: Harakaľová, Ľubica, 1963-
Altri autori: Baculáková, Kristína, 1988-
Natura: Capitolo di libro
Lingua:inglese
Soggetti:
Tags: Aggiungi Tag
Nessun Tag, puoi essere il primo ad aggiungerne!!

MARC

LEADER 00000naa$a2200000$$$4500
001 0280435
005 20240502083854.2
041 0 |a eng 
044 |a UA 
245 1 0 |a Smart Solutions in the Context of the Common Agricultural Policy of European Union After 2020  |c Ľubica Harakaľová, Kristína Baculáková 
520 |a Identifikácia oblastí, v ktorých je možné uplatniť smart riešenia, ktoré by boli cestou k dosiahnutiu cieľov stanovených v novej spoločnej poľnohospodárskej politiky. Oblasti inteligentných riešení v poľnohospodárstve. 
610 2 0 |a politika poľnohospodárska spoločná 
610 2 0 |a poľnohospodárstvo 
610 2 0 |a Európska únia 
100 1 |a Harakaľová, Ľubica, 1963- 
700 1 |a Baculáková, Kristína, 1988-